Case management: aktivní zapojení klienta i pracovníka do spolupráce
Obojstranné zapojenie sa pomáhajúcich pracovníkov a ich klientov do spolupráce v rámci case managementu, ako metódy sociálnej práce. Možnosti využívania aktívneho zapájania sa účastníkov a ďalších osôb do spolupráce pri práci s klientmi sociálnej práce.
Guardado en:
| Autor principal: | |
|---|---|
| Formato: | Capítulo de libro |
| Lenguaje: | checo |
| Materias: | |
| Etiquetas: |
Sin Etiquetas, Sea el primero en etiquetar este registro!
|
MARC
| LEADER | 00000naa$a2200000$$$4500 | ||
|---|---|---|---|
| 001 | 0194382 | ||
| 005 | 20220729110623.7 | ||
| 041 | 0 | |a cze | |
| 044 | |a CZ | ||
| 245 | 1 | 0 | |a Case management: aktivní zapojení klienta i pracovníka do spolupráce |c Markéta Szotáková |
| 520 | |a Obojstranné zapojenie sa pomáhajúcich pracovníkov a ich klientov do spolupráce v rámci case managementu, ako metódy sociálnej práce. Možnosti využívania aktívneho zapájania sa účastníkov a ďalších osôb do spolupráce pri práci s klientmi sociálnej práce. | ||
| 610 | 2 | 0 | |a manažment |
| 610 | 2 | 0 | |a riadenie sociálne |
| 610 | 2 | 0 | |a vedenie |
| 610 | 2 | 0 | |a služby sociálne |
| 610 | 2 | 0 | |a kooperácia |
| 610 | 2 | 0 | |a pracovníci sociálni |
| 610 | 2 | 0 | |a klienti |
| 100 | 1 | |a Szotáková, Markéta | |